000 01042nam0a22002651 4500
001 rc\3187313
005 20260407023106.0
021 _aRU
_bРг7626-75
021 _aRU
_b75-31029
035 _a(NLR Aleph) 007337620
090 _a6075286
_c6075286
100 _a20120628d1975 |||y0rusy50 ca
101 0 _arus
102 _aRU
105 _aa z |||||
200 1 _aВременная инструкция по расчету выноса нефтепродуктов реками в моря, озера и водохранилища
_fГл. упр. гидрометеорол. службы при Совете Министров СССР. Гидрохим. ин-т
210 _aНовочеркасск
_cБ. и.
_d1975
215 _a30 с.
_cил.
_d22
320 _aБиблиогр.: с. 30
712 0 2 _aГидрохимический институт
_cРостов-на-Дону
_3RU\NLR\AUTH\8810008440
_9514620
801 0 _aRU
_bNLR
_gpsbo
801 1 _aRU
_bELAR
_2rusmarc
852 _aNLR
_j75-6/1078
942 _cBOOK
980 _aNB